000 00334 a2200157 4500
001 57470
020 _a8572082573
040 _cAnchieta - Pituba
100 _aJunqueira, Sônia
240 1 0 _aA ilha dos amores
_lpor
245 1 0 _aA ilha dos amores
300 _a
362 0 _a1999
650 4 _aLiteratura juvenil
942 _cBK
999 _c57470
_d57470